Visualizzazione normale
Vista MARC
- Sessualità / sessualità
di Topical Term
Records bibliografici associati: 1
001 - CONTROL NUMBER
- control field: 62835
003 - CONTROL NUMBER IDENTIFIER
- control field:
005 - DATE AND TIME OF LATEST TRANSACTION
- control field: 20251203154821.0
008 - FIXED-LENGTH DATA ELEMENTS
- fixed length control field: 251203|| aca||aabn | a|a d
040 ## - CATALOGING SOURCE
- Original cataloging agency:
- Transcribing agency:
150 ## - HEADING--TOPICAL TERM
- Topical term or geographic name entry element: Sessualità / sessualità
670 ## - SOURCE DATA FOUND
- Source citation: Work cat.: ()209979: Bianchi di Castelbianco Federico 62834, L'eros adolescente., 2011